Statistiques concernant Les 15 plus grandes villes de Belgique

Cliquez ici pour prendre le quiz!

Statistiques générales

  • Ce quiz a été pris 119 fois
  • Le résultat moyen est 8 sur 15

Statistiques - réponses

PopulationVilles% Correct
188 737Bruxelles
99%
195 278Liège
95%
530 630Anvers
90%
202 421Charleroi
90%
118 509Bruges
85%
112 559Namur
77%
265 086Gand
75%
96 545Mons
65%
122 547Anderlecht
41%
102 236Louvain
41%
86 996Malines
26%
130 690Schaerbeek
18%
87 052Ixelles
15%
88 854Alost
13%
97 697Molenbeek-Saint Jean
7%

Distribution des résultats

Percentile par nombre de réponses

% des personnes avec chaque résultat

Votre développement - résultats

Vous n’avez pas pris ce quiz